| 000 | 00585nam a22001577a 4500 | ||
|---|---|---|---|
| 005 | 20120507121315.0 | ||
| 020 |
_a8176293431 _c00.00 |
||
| 035 | _aB-31651 | ||
| 037 |
_aDPL _bENG |
||
| 245 |
_aEconomics of child labour / _cedited by K.P. Kannan |
||
| 260 |
_aNew Delhi _bDeep and Deep Publications _c2001 |
||
| 300 |
_axix, 267p. _c20 cms. |
||
| 700 |
_aKannan, K.P. _946543 |
||
| 942 |
_2ddc _cEN _h331.31 _mECO |
||
| 999 |
_c66278 _d66278 |
||